Sports Quiz

Random Sports Quiz

ESPN's 50 Greatest Lakers Quiz Stats

Quiz not verified by Sporcle

Challenge
Share
Tweet
Embed
Score 0/50 Timer 10:00
1 Play Today
Rank Player % Correct
3Kobe Bryant
99.5%
1Magic Johnson
97.7%
4Shaquille O'Neal
95.9%
2Kareem Abdul-Jabbar
95.2%
5Jerry West
91.4%
11Derek Fisher
86.4%
14Pau Gasol
85%
6Wilt Chamberlain
83.2%
8James Worthy
81.6%
7Elgin Baylor
71%
17Lamar Odom
69.2%
20Robert Horry
66.3%
38Andrew Bynum
65.9%
25Rick Fox
61.3%
10Byron Scott
58.4%
50Ron Artest
56.4%
21Vlade Divac
51.9%
22Eddie Jones
51.8%
12Michael Cooper
51.3%
19A.C. Green
49.5%
24Nick Van Exel
49.3%
33Kurt Rambis
48.9%
9Gail Goodrich
48.1%
40Luke Walton
43.2%
29Trevor Ariza
38.8%
Rank Player % Correct
49Horace Grant
37.3%
43Ron Harper
37.1%
28Glen Rice
35.9%
13Jamaal Wilkes
33%
37Elmore Smith
32.3%
27Mychal Thompson
31.5%
34Cedric Ceballos
29.1%
15Norm Nixon
29%
35Elden Campbell
27.2%
26Bob McAdoo
24%
36Sam Perkins
17.4%
42Sedale Threatt
15.5%
18Happy Hairston
10%
45Cazzie Russell
9.8%
46Kermit Washington
7.7%
16Rudy LaRusso
7.1%
32Hot Rod Hundley
5.5%
41Jim Chones
5.3%
23Jim McMillian
4.6%
47Leroy Ellis
4.6%
48Mike McGee
4.1%
31Frank Selvy
3.8%
30Mel Counts
3.7%
39Darrall Imhoff
3.3%
44Jim Price
2.9%

You're not logged in!

Compare scores with friends on all Sporcle quizzes.
Sign Up with Email
OR
Log In

You Might Also Like...

Show Comments

Extras

Top Quizzes Today


Score Distribution

Your Account Isn't Verified!

In order to create a playlist on Sporcle, you need to verify the email address you used during registration. Go to your Sporcle Settings to finish the process.